00584nam a2200181Ia 450000500170000000800410001704000190005804100120007708200200008910000230010924500660013226000410019830000100023950400500024965000480029965100450034785000100039220221220103540.0131103s9999 xx 000 0 und d aLoreto College aEnglish a813.52bFIT-GOI aGoldhurst, William aF. Scott Fitzgerald and his contemporariescWilliam Goldhurst aClevelandbWorld Publishing coc1963 a247p  aIncludes bibliographical references and index aAmerican Literature - History and Criticism aAmerican Fiction - History and Criticism aLCLIB